000
00296nam a2200133Ia 4500
008
210210b1950 xxu||||| |||| 00| 0 eng d
041
_a
eng
082
_a
822/995
100
_a
RAJAGOPALACHARI (C)
245
_a
Mahabharata
260
_a
_b
-
_c
1950
690
_a
English Prose
906
_a
013178
999
_c
132026
_d
132026